Families and religions : Conflict and modern society (Record no. 515169)

000 -LEADER
fixed length control field 00344nam a22001097a 4500
082 ## - DEWEY DECIMAL CLASSIFICATION NUMBER
Classification number TNC AB2X54
100 ## - MAIN ENTRY--PERSONAL NAME
Personal name Antonio, William V.D (ed.)
9 (RLIN) 20353
245 ## - TITLE STATEMENT
Title Families and religions : Conflict and modern society
260 ## - PUBLICATION, DISTRIBUTION, ETC. (IMPRINT)
Place of publication, distribution, etc Beverly Hills
Name of publisher, distributor, etc Saga publication
Date of publication, distribution, etc 1983
300 ## - PHYSICAL DESCRIPTION
Extent 320p.
650 ## - SUBJECT ADDED ENTRY--TOPICAL TERM
Topical term or geographic name as entry element Religion- India, Religion- Modern society
9 (RLIN) 20354
Holdings
Withdrawn status Lost status Source of classification or shelving scheme Damaged status Koha normalized classification for sorting Not for loan Permanent location Current location Date acquired Full call number Barcode Date last seen Price effective from Koha item type
        TNC_AB2X54   Indian Institute of Public Administration Indian Institute of Public Administration 2021-01-14 TNC AB2X54 GR22333 2021-01-14 2021-01-14 GR

Powered by Koha